Derecho penal italiano / (Record no. 75978)

MARC details
000 -LEADER
campo de control de longitud fija 00879nam a2200217 i 4500
001 - NÚMERO DE CONTROL
campo de control 75978
003 - IDENTIFICADOR DE NÚMERO DE CONTROL
campo de control ES-MaACL
005 - FECHA Y HORA DE LA ÚLTIMA TRANSACCIÓN
campo de control 20250809035350.0
007 - CAMPO FIJO DE DESCRIPCIÓN FÍSICA--INFORMACIÓN GENERAL
campo de control de longitud fija t|
008 - DATOS DE LONGITUD FIJA--INFORMACIÓN GENERAL
campo de control de longitud fija 040928s1948 ag ||||1| spa d
100 1# - ENTRADA PRINCIPAL--NOMBRE DE PERSONA
Nombre de persona Grispigni, Filippo.
9 (RLIN) 60092
245 10 - MENCIÓN DEL TÍTULO
Título Derecho penal italiano /
Mención de responsabilidad, etc. Filippo Grispigni ; traducido de la 2ª edición original italiana y anotado con la legislación y doctrina de los países latinoamericanos, por Isidoro De Benedetti.
260 ## - PUBLICACIÓN, DISTRIBUCIÓN, ETC.
Lugar de publicación, distribución, etc. Buenos Aires :
Nombre del editor, distribuidor, etc. Depalma,
Fecha de publicación, distribución, etc. 1948 (
Fabricante Patagonia)
300 ## - DESCRIPCIÓN FÍSICA
Extensión 1 v. ;
Dimensiones 24 cm.
490 1# - MENCIÓN DE SERIE
Mención de serie Biblioteca jurídica. Sección Derecho. Procedimiento Penal ;
Designación de volumen o secuencia 6
650 #7 - PUNTO DE ACCESO ADICIONAL DE MATERIA--TÉRMINO DE MATERIA
Término de materia o nombre geográfico como elemento de entrada Derecho penal-
Subdivisión geográfica Italia
Fuente del encabezamiento o término
9 (RLIN) 155394
700 1# - ENTRADA AGREGADA--NOMBRE PERSONAL
Nombre de persona De Benedetti, Isidoro.
9 (RLIN) 43037
830 0# - PUNTO DE ACCESO ADICIONAL DE SERIE-TÍTULO UNIFORME
Título uniforme Biblioteca jurídica. Sección Derecho. Procedimiento Penal ;
Designación de volumen o secuencia 6
9 (RLIN) 183513
852 ## - LOCALIZACIÓN
Ubicación ES-MaACL
Número de control de estantería P-935
Holdings
Estatus retirado Estado de pérdida Estado de daño No para préstamo Biblioteca de origen Biblioteca actual Ubicación en estantería Fecha de adquisición Fuente de adquisición Total de préstamos Signatura topográfica completa Código de barras Visto por última vez Precio de reemplazo Tipo de ítem Koha
        Biblioteca del Ateneo de Madrid Biblioteca del Ateneo de Madrid Depósito 2 17/01/2008     P-935 1079517 23/02/2023 23/02/2023 Libro impreso